| 000 | 00754nam a2200289Ia 4500 | ||
|---|---|---|---|
| 008 | 170203s9999 xx 000 0 und d | ||
| 020 | _a9781410900296 | ||
| 050 | _a739.29 | ||
| 050 | _b.R462a 2003 | ||
| 100 | _aReynolds, Helen, | ||
| 245 | 2 | _aA fashionable history of jewelry & accessories / | |
| 245 | _cHelen Reynolds. | ||
| 260 | _aChicago, Ill. : | ||
| 260 | _bRaintree, | ||
| 260 | _cc2003. | ||
| 300 | _a32 pages : | ||
| 300 | _bill. (some col.) ; | ||
| 300 | _c29 cm. | ||
| 440 | _aA fashionable history of-- | ||
| 500 | _aIncludes index. | ||
| 650 | _aDress accessories-- | ||
| 650 | _aFashion-- | ||
| 650 | _aJewelry-- | ||
| 650 | _xHistory. | ||
| 650 | _xJuvenile literature. | ||
| 650 | _xJuvenile literature. | ||
| 999 |
_c305486 _d305486 |
||